đŸŽ¶ Paroles "La chanson des vieux amants" Jacques Brel - Statistiques

Statistiques générales
  • Ce quiz a Ă©tĂ© pris 515 fois
  • Le rĂ©sultat moyen est 235 sur 279
Statistiques - réponses
Mots % Correct
Ă 
100%
d'
100%
l'
100%
Oh,
100%
c'
99%
de
99%
De
99%
m'
99%
t'
99%
des
97%
Des
97%
la
97%
n'
97%
ai
96%
amour,
96%
amour
96%
est
96%
est-
96%
je
96%
Je
96%
le
96%
me
96%
mon
96%
Mon
96%
aime
95%
en
95%
tu
95%
Tu
95%
Il
94%
Bien
93%
bien
93%
nous
93%
Nous
93%
du
92%
que
92%
Que
92%
sûr,
92%
sûr
92%
jour
91%
eau
90%
Et
90%
fin
90%
pas
90%
sais
90%
amants
89%
ce
89%
doux,
89%
tendre,
89%
tendre
89%
jusqu'
88%
merveilleux
88%
aube
87%
se
87%
temps
87%
encore
86%
encore,
86%
Mais
86%
Pour
85%
pour
85%
ans
84%
pris
84%
claire
83%
faut
83%
ton
83%
eûmes
82%
orages
82%
mes
81%
tes
81%
vieux
81%
Vingt
81%
corps
80%
moi
80%
Moi,
80%
Plus
80%
plus
80%
sans
80%
as
78%
quelques
78%
fallait
77%
passer
77%
envol
76%
exulte
75%
fois
75%
bagage
74%
ĂȘtre
74%
tous
74%
un
73%
ne
71%
cette
70%
Dans
70%
fait
70%
fallut
70%
Mille
70%
peu
68%
celui
67%
piĂšge
67%
pire
67%
talent
67%
adultes
66%
perdu
66%
avais
65%
goût
65%
On
65%
chambre
64%
fol
64%
sortilĂšges
64%
berceau
63%
Finalement,
63%
finalement
63%
chaque
62%
moins
62%
souvient
62%
conquĂȘte
61%
nos
61%
vieilles
61%
éclats
60%
envoûtements
60%
rien
60%
tempĂȘtes
60%
guerre
59%
paix
59%
toujours
59%
meuble
58%
tard
58%
tĂŽt
58%
piĂšges
56%
fil
55%
vivre
55%
ressemblait
52%
cortĂšge
51%
tourment
51%
gardé
50%
perdue
49%
mystĂšres
48%
pleures
48%
faire
47%
méfie
44%
hasard
42%
laisse
42%
déchire
41%
protégeons
35%
Aucun quiz correspondant
Distribution des résultats
% des personnes avec chaque résultat
Percentile par nombre de réponses
Votre historique - résultats
Vous n’avez pas pris ce quiz